Statistics for Hottest US State Capitals Summer 2022

Click here to take the quiz!

General Stats

  • This quiz has been taken 18 times
    (9 since last reset)
  • The average score is 7 of 11

Answer Stats

Max Temp FCapital% Correct
115Phoenix
100%
110Austin
86%
114Sacramento
86%
110Oklahoma City
71%
106Boise
57%
104Montgomery
57%
107Salt Lake City
57%
104Tallahassee
57%
104Little Rock
43%
109Pierre
43%
104Jefferson City
29%

Score Distribution

Percentile by Number Answered

Percent of People with Each Score

Your Score History

You have not taken this quiz since the last reset